ბათუმის შოთა რუსთაველის სახელმწიფო უნივერსიტეტის ბიბლიოთეკა

Facilitating evidence-based practice for students with ASD : (ბიბ.ჩანაწერი № 58124)

000 -LEADER
fixed length control field 00904cam a2200217 i 4500
001 - CONTROL NUMBER
control field 20459618
005 - DATE AND TIME OF LATEST TRANSACTION
control field 20221108160653.0
008 - FIXED-LENGTH DATA ELEMENTS--GENERAL INFORMATION
fixed length control field 180419s2018 mdu b 001 0 eng
020 ## - INTERNATIONAL STANDARD BOOK NUMBER
International Standard Book Number 9781598579413 X
041 ## - LANGUAGE CODE
Language code of text/sound track or separate title eng
080 ## - UNIVERSAL DECIMAL CLASSIFICATION NUMBER
Universal Decimal Classification number 376 + 616.89 C-23
100 1# - MAIN ENTRY--PERSONAL NAME
Personal name Carnahan, Christina
9 (RLIN) 12101
245 10 - TITLE STATEMENT
Title Facilitating evidence-based practice for students with ASD :
Remainder of title a classroom observation tool for building quality education /
Statement of responsibility, etc. by Christina R. Carnahan and K. Alisa Lowrey.
264 #1 - PRODUCTION, PUBLICATION, DISTRIBUTION, MANUFACTURE, AND COPYRIGHT NOTICE
Place of production, publication, distribution, manufacture Baltimore :
Name of producer, publisher, distributor, manufacturer Paul H. Brookes Publishing Co.,
Date of production, publication, distribution, manufacture, or copyright notice 2018.
300 ## - PHYSICAL DESCRIPTION
Extent 116 pages ;
Dimensions 28 cm.
653 ## - INDEX TERM--UNCONTROLLED
keyword აუტისტი ბავშვები
653 ## - INDEX TERM--UNCONTROLLED
keyword Дети с аутизмом
700 1# - ADDED ENTRY--PERSONAL NAME
Personal name Lowrey, K. Alisa,
Relator term ავტორი
9 (RLIN) 12102
942 ## - ADDED ENTRY ELEMENTS (KOHA)
Source of classification or shelving scheme
Koha item type წიგნი
ეგზემპლარები
Withdrawn status Lost status Source of classification or shelving scheme Damaged status Not for loan Permanent Location Current Location Shelving location Date acquired Cost, normal purchase price Full call number Barcode Date last seen Copy number Price effective from Koha item type Public note
          ბათუმის შოთა რუსთაველის სახელმწიფო უნივერსიტეტის მთავარი ბიბლიოთეკა ბათუმის შოთა რუსთაველის სახელმწიფო უნივერსიტეტის მთავარი ბიბლიოთეკა წიგნსაცავი 2021-06-21 159.00 376 + 616.89 C-23 61404 2021-06-21 61404 2021-06-21 წიგნი 159 ლ.